000 002200000a22000970004500
100 1 _aEller, Vernard
245 1 0 _aIs our peace God's peace?
300 _aNúm 46 (1995), Páginas 12-15
773 0 _tTogether
942 _cANA
999 _c57216
_d57216